Quercus Genetics (Record no. 20312)
[ view plain ]
| 000 -LEADER | |
|---|---|
| fixed length control field | 01175nam a2200133Ia 4500 |
| 008 - FIXED-LENGTH DATA ELEMENTS--GENERAL INFORMATION | |
| fixed length control field | 220616s9999||||xx |||||||||||||| ||und|| |
| 020 ## - INTERNATIONAL STANDARD BOOK NUMBER | |
| International Standard Book Number | 9783040000000 |
| 245 #0 - TITLE STATEMENT | |
| Title | Quercus Genetics |
| Remainder of title | Insights into the Past, Present, and Future of Oaks |
| 546 ## - LANGUAGE NOTE | |
| Language note | English[eng] |
| 650 ## - SUBJECT ADDED ENTRY--TOPICAL TERM | |
| Topical term or geographic name entry element | Quercus havardii||Fagaceae||genetic differentiation||morphometrics||bioclimatic associations||conservation biology||fragmentation||botanic gardens||EST||inbreeding||heterozygosity||microsatellites||population genetics||ex situ||phenotype||DNA methylation||Quercus||single nucleotide polymorphisms||functional traits||leaf traits||bisulfite sequencing||pollination||parentage analysis||gene flow||wind pollination||ecological speciation||genetic mosaic of speciation||introgression||reproductive isolation||species concepts||biodiversity||distribution||hybridization||oak||phylogeny||systematics||chlorotype||pedunculate oak||oak decline||genetic diversity||gene conservation||post-glacial migration||conservation genetics||conservation genomics||Oaks of Concern||endangered oaks||n/a |
| 700 ## - ADDED ENTRY--PERSONAL NAME | |
| Personal name | Ashley, Mary||Backs, Janet R. |
| 856 ## - ELECTRONIC LOCATION AND ACCESS | |
| Uniform Resource Identifier | <a href="https://mdpi.com/books/pdfview/book/4836">https://mdpi.com/books/pdfview/book/4836</a> |
| 942 ## - ADDED ENTRY ELEMENTS (KOHA) | |
| Koha item type | E-Books |
| Withdrawn status | Lost status | Damaged status | Not for loan | Home library | Current library | Date acquired | Total Checkouts | Date last seen | Price effective from | Koha item type |
|---|---|---|---|---|---|---|---|---|---|---|
| Kerala University of Digital Sciences, Innovation and Technology Knowledge Centre | Kerala University of Digital Sciences, Innovation and Technology Knowledge Centre | 16/06/2022 | 16/06/2022 | 16/06/2022 | E-Books |